000 00224 a2200097 4500
001 13836
100 _aNicolson H
245 _aThe English Sense of Humour
260 _aLondon
_bConstable & Co. Ltd
_c
090 _c10814
_d10814
942 _aNUST-CAE
_cM
_c908
999 _c248909
_d248909